Connecting landlocked developing countries to markets (Record no. 659006)

MARC details
000 -LEADER
fixed length control field 00927nam a2200265Ia 4500
003 - CONTROL NUMBER IDENTIFIER
control field OSt
005 - DATE AND TIME OF LATEST TRANSACTION
control field 20220926034221.0
008 - FIXED-LENGTH DATA ELEMENTS--GENERAL INFORMATION
fixed length control field 220923b |||||||| |||| 00| 0 eng d
020 ## - INTERNATIONAL STANDARD BOOK NUMBER
International Standard Book Number 9780821384169
037 ## - SOURCE OF ACQUISITION
Terms of availability General Book
040 ## - CATALOGING SOURCE
Original cataloging agency RTL
Transcribing agency RTL
Language of cataloging eng
041 ## - LANGUAGE CODE
Source of code eng
Language code of text/sound track or separate title eng
100 ## - MAIN ENTRY--PERSONAL NAME
Personal name Arvis Jean-Francois
9 (RLIN) 340210
245 #0 - TITLE STATEMENT
Title Connecting landlocked developing countries to markets
Remainder of title Trade corridors in the 21st century.
260 ## - PUBLICATION, DISTRIBUTION, ETC.
Place of publication, distribution, etc. Washington
Name of publisher, distributor, etc. D.C. World Bank
Date of publication, distribution, etc. 2011
300 ## - PHYSICAL DESCRIPTION
Extent xxiv, 274p.
Dimensions cm.
490 ## - SERIES STATEMENT
Series statement Directions in Development Trade
500 ## - GENERAL NOTE
General note Appendix: P 189-260
650 ## - SUBJECT ADDED ENTRY--TOPICAL TERM
Topical term or geographic name entry element Commerce
942 ## - ADDED ENTRY ELEMENTS (KOHA)
Classification part X:54.1(X), Q0
Koha item type General Books
Source of classification or shelving scheme Colon Classification (CC)
Holdings
Withdrawn status Lost status Damaged status Not for loan Home library Current library Date acquired Source of acquisition Cost, normal purchase price Total Checkouts Full call number Barcode Date last seen Cost, replacement price Price effective from Koha item type
        Ratan Tata Library Ratan Tata Library 2022-09-26 162/2011-12, 22/03/2012, CLASSIC BOOKS SERVICES 1519.93   X:54.1(X) Q0 RT1476408 2022-09-26 1519.93 2022-09-26 General Books
Copyright @ Delhi University Library System